000 00919nam a2200241 a 4500
003 CBULib
005 20231106082310.0
008 110512s2011 ||||||||||||||||| || u
020 _a9789211128154
040 _aCBULib
_bEnglish
_cCBULib
_erda
041 _aeng
050 _aUNCTAD(02)2011/1
110 _aUnited Nations Conference on Trade and Development (UNCTAD)
245 1 0 _aScope and definition: UNCTAD series on issues in international investment agreements II
_c/ by United Nations Conference on Trade and Development (UNCTAD)
260 _aNew York :
_bUnited Nations,
_c2011
300 _axiv, 149 pages : illustrations
336 _2rdacontent
_aText |
_btxt
337 _2rdamedia
_aUnmediated |
_bn
338 _2rdacarrier
_aVolume
_bnc
650 _aINVESTMENTS, FOREIGN --LAW AND LEGISLATION
942 _2mc
_c029
999 _c57153
_d57153